| 000 | 01558cam a2200385 i 4500 | ||
|---|---|---|---|
| 999 |
_c200449550 _d67762 |
||
| 003 | TR-AnTOB | ||
| 005 | 20230314101712.0 | ||
| 007 | ta | ||
| 008 | 060613s2005 dcua b 000 0 eng d | ||
| 010 | _a 2006296393 | ||
| 020 | _a1589064496 | ||
| 020 | _a9781589064492 | ||
| 035 | _a(OCoLC)ocm62941779 | ||
| 035 | _a(TR-AnTOB) | ||
| 040 |
_aGHG _beng _erda _cGHG _dVP@ _dBAKER _dDLC _dTR-AnTOB |
||
| 041 | 0 | _aeng | |
| 050 | 0 | 4 |
_aHJ192.5 _b.R438 2005 |
| 090 |
_aHJ192.5 _b.R438 2005 |
||
| 245 | 0 | 0 |
_aRebuilding fiscal institutions in postconflict countries / _cSanjeev Gupta [and others]. |
| 264 | 1 |
_aWashington, D.C. : _bInternational Monetary Fund, _c2005. |
|
| 300 |
_av, 36 pages : _bcolor illustrations ; _c28 cm |
||
| 336 |
_atext _btxt _2rdacontent |
||
| 337 |
_aunmediated _bn _2rdamedia |
||
| 338 |
_avolume _bnc _2rdacarrier |
||
| 490 | 0 |
_aOccasional paper ; _v247 |
|
| 504 | _aBIB | ||
| 505 | 0 | _aIntroduction -- Postconflict technical assistance for rebuilding fiscal institutions -- Macroeconomic and fiscal setting in postconflict countries -- Reestablishing fiscal management and institutions -- Case studies -- Lessons -- Conclusions. | |
| 610 | 2 | 0 |
_aInternational Monetary Fund _979373 |
| 650 | 0 |
_aFiscal policy _922877 |
|
| 650 | 0 |
_aTechnical assistance _9130535 |
|
| 700 | 1 |
_aGupta, Sanjeev _eauthor _9135173 |
|
| 856 | 4 | 1 |
_3IMF eLibrary (Open Access) _zOnline access link to the resource _uhttps://www.elibrary.imf.org/view/book/9781589064492/9781589064492.xml?rskey=JliGE9&result=3 |
| 942 |
_2lcc _cBK |
||